Tvorba knižnice pre aktuárske analýzy v jazyku R diplomová práca

Uložené v:
Podrobná bibliografia
Hlavný autor: Orlická, Emília
Korporativný autor: Fakulta hospodárskej informatiky EU. Katedra matematiky a aktuárstva
Ďalší autori: Páleš, Michal, 1984-
Médium: Kniha
Jazyk:Slovak
Vydavateľské údaje: Bratislava 2022
Tagy: Pridať tag
Žiadne tagy, Buďte prvý, kto otaguje tento záznam!

MARC

LEADER 00000nbm a2200000 4500
001 0284387
005 20221215101923.5
041 0 |a slo 
044 |a SK 
245 1 0 |a Tvorba knižnice pre aktuárske analýzy v jazyku R  |b diplomová práca  |c Emília Orlická ; školiteľ: Michal Páleš 
264 1 |a Bratislava  |c 2022 
300 |a 117 s. 
100 1 |a Orlická, Emília 
700 1 |a Páleš, Michal, 1984- 
710 2 |a Fakulta hospodárskej informatiky EU. Katedra matematiky a aktuárstva